1661 1054 1218 1544 1003 1630 1556 1030 1194 1793 1715 1709 1983 1272 1504 1834 1248 1010 1903 1465 1420 1955 1439 1200 1893 1280 1336 1549 1698 1285 1879 1366 1006 1594 1931 1815 1154 1327 1753 1227 1520 1252 1496 1174 1623 1396 1578 1629 1139 1493 1283 1420 1075 1031 1273 1474 1766 1650 1528 1455 1284 1653 1613 1447 1506 1822 1247 1226 1989 1151 1516 1055 1352 1543 1529 1032 1849 1675 1968 1213 1061 1262 1276 1631 1747 1526 1408 1545 1286 1642 1085 1628 1359 1395 1425 1800 1644 1794 1551 BCNSPRNW ULIB Ver.6.0+V

เปลี่ยนเป็นภาษาไทย

Change to English
 แสดงรายละเอียดบรรณานุกรม
  กลับหน้าหลัก

Brief Record : Get Marc (ISO 2709) : E-mail record : QR code < ปิดหน้าต่าง
LEADER : 00000nam 2200000uu 4500
001    13399125932
003     ULIB
008    171120|||||th 000 0 tha d d
020    ^a9786164239005
060  0 ^aWH25 ศ839อ
100 0  ^aศรัญญา พงษ์อุดม/บรรณาธิการ
245 00 ^aอ่านสไลค์ง่ายนิดเดียว:Easy guide to blood smear^bศรัญญา พงษ์อุดม/บรรณาธิการ^c2560
300    ^a116 หน้า:ภาพประกอบ;15 ซ.ม
650  0 ^aโลหินวิทยา
650  0 ^aการดูแลผู้ป่วย--โรคโลหิต
650  0 ^aการรักษา--ผู้ป่วยโรคโลหิต
700 0  ^aจุติภัสร์ มโนมัยวิบูลย์
710 1  ^aอุดรธานี :ศักดิ์ศรีอักษรการพิมพ์^b2560
945    ^p280^l0^i25685
999    ^aกัณชพร จุลอักษร
รายการนี้ยังไม่มีแท็ก
คุณยังไม่ได้ล็อกอิน คุณสามารถมีกิจกรรมร่วมกับเว็บไซต์ได้ แต่ต้องล็อกอินก่อน ::
  ล็อกอิน

รายการสื่อสารสนเทศ

ลำดับที่ ประเภท เลขเรียก/บาร์โค้ด สถานที่ สถานะ
1. วิทยาศาสตร์การแพทย์ และสุขภาพ
วิทยาศาสตร์การแพทย์ และสุขภาพ
WH25 ศ839อ ฉ.1 
  Barcode: 25685
ห้องสมุดวิทยาเขตนครสวรรค์
►หนังสือทั่วไป:l:General Books
บนชั้น

รายการใกล้เคียง
    ผู้แต่ง [ศรัญญา พงษ์อุดม/บรรณาธิการ]

    หัวเรื่อง [โลหินวิทยา]
    หัวเรื่อง [การดูแลผู้ป่วย--โรคโลหิต]
    หัวเรื่อง [การรักษา--ผู้ป่วยโรคโลหิต]

BibComment


ยังไม่เคยถูกคอมเมนท์

คอมเมนท์ทรัพยากรรายการนี้
  คอมเมนท์: อ่านสไลค์ง่ายนิด..


 Copyright 2026. Bcnsprnw @Library